Ultimate Transformers Quiz - Statistics

General Stats
  • This quiz has been taken 22 times
  • The average score is 53 of 443
Answer Stats
Hint Answer % Correct
Prime Optimus Prime
100%
Decepticon Megatron
88%
Autobot Bumblebee
81%
Dinobot Grimlock
69%
Prime Megatronus
69%
Prime Alpha Trion
63%
Autobot Ironhide
63%
Prime Rodimus Prime
63%
Decepticon Soundwave
63%
Seeker Starscream
63%
God Primus
56%
Mini-Cassette Ravage
56%
Dinobot Slug
56%
God Unicron
56%
Autobot Cliffjumper
50%
Mini-Cassette Laserbeak
50%
Autobot Ratchet
50%
Prime Sentinel Prime
50%
Decepticon Shockwave
50%
Dinobot Swoop
50%
Autobot Arcee
44%
Autobot Jazz
44%
Titan/Autobot Metroplex
44%
Prime Micronus Prime
44%
Prime Onyx Prime
44%
Maximal Optimus Primal
44%
Combiner Predaking
44%
Prime Prima
44%
Dinobot Sludge
44%
Dinobot Snarl
44%
Prime Alchemist Prime
38%
Prime Amalgamous Prime
38%
Seeker Dirge
38%
Autobot Elita One
38%
Herald of Unicron Galvatron
38%
Prime Nexus Prime
38%
Autobot Prowl
38%
Mini-Cassette Rumble
38%
Seeker Skywarp
38%
Prime Solus Prime
38%
Seeker Thundercracker
38%
Autobot Wheeljack
38%
Junkion Wreck Gar
38%
Seeker Acid Storm
31%
Aerialbot Air Raid
31%
Triple Changer/Decepticon Astrotrain
31%
Combaticon Brawl
31%
Autobot Jetfire
31%
Prime Liege Maximo
31%
Constructicon Long Haul
31%
Constructicon Mixmaster
31%
Titan/Autobot Omega Supreme
31%
Prime Quintus Prime
31%
Seeker Ramjet
31%
Mini-Cassette Ratbat
31%
Mini-Cassette Rewind
31%
Constructicon Scavenger
31%
Aerialbot Silverbolt
31%
Autobot Sunstreaker
31%
Seeker Thrust
31%
Autobot Ultra Magnus
31%
Autobot Wheelie
31%
Protectobot Blades
25%
Triple Changer/Decepticon Blitzwing
25%
Autobot Blurr
25%
Constructicon Bonecrusher
25%
Stunticon Breakdown
25%
Mini-Cassette Buzzsaw
25%
Autobot Chromia
25%
Herald of Unicron Cyclonus
25%
Combiner Devastator
25%
Protectobot First Aid
25%
Mini-Cassette Frenzy
25%
Autobot Hound
25%
Decepticon Knockout
25%
Stunticon Motormaster
25%
Autobot Red Alert
25%
Constructicon Scrapper
25%
Autobot Sideswipe
25%
Triple changer/Autobot Sky Lynx
25%
Autobot Smokescreen
25%
Predacon Tantrum
25%
Titan/Autobot The Ark
25%
Prime Vector Prime
25%
Autobot Windblade
25%
Decepticon Barricade
19%
BW Predacon Blackarachnia
19%
Autobot Blaster
19%
Insecticon Bombshell
19%
Combiner Bruticus
19%
Autobot Bulkhead
19%
Headmaster/Autobot Chromedome
19%
Autobot Cosmos
19%
Stunticon Dead End
19%
Predacon Divebomb
19%
Stunticon Drag Strip
19%
Autobot Drift
19%
Mini-Cassette Eject
19%
Aerialbot Fireflight
19%
Titan/Headmaster/Autobot Fortress Maximus
19%
Autobot Gears
19%
Autobot Hoist
19%
Constructicon Hook
19%
Protectobot Hot Spot
19%
Autobot Huffer
19%
Autobot Inferno
19%
Autobot Kup
19%
Bounty Hunter Lockdown
19%
Combiner Menasor
19%
Combaticon Onslaught
19%
Aerialbot Powerglide
19%
Predacon Rampage
19%
Maximal Rattrap
19%
Maximal Rhinox
19%
Herald of Unicron Scourge
19%
Herald of Unicron Sideways
19%
Autobot Skids
19%
Dinobot Slash
19%
Seeker Slipstream
19%
Triple changer/Autobot Springer
19%
Mini-Cassette Steeljaw
19%
Combiner Superion
19%
Combaticon Swindle
19%
Titan/Decepticon Trypticon
19%
Combaticon Vortex
19%
Aerialbot Airazor
13%
Insecticon Barrage
13%
Combaticon Blast Off
13%
Autobot Bluestreak
13%
Headmaster/Autobot Brainstorm
13%
Autobot Brawn
13%
Triple changer/Autobot Broadside
13%
Maximal Cheetor
13%
Insecticon Chop Shop
13%
Combiner Computron
13%
Decepticon Crankcase
13%
Decepticon Darkwing
13%
Combiner Defensor
13%
Maximal Dinobot
13%
Sharkticon Gnaw
13%
Throttlebot Goldbug
13%
Headmaster/Autobot Highbrow
13%
Insecticon Kickback
13%
Autobot Mirage
13%
Decepticon Nightbird
13%
Autobot Overload
13%
Citybot Overlord
13%
Dinobot Paddles
13%
Autobot Perceptor
13%
Autobot Punch
13%
Rust Renegade Pyra Magna
13%
Autobot Roadbuster
13%
Protectobot Rook
13%
Battle Charger Runamuck
13%
Autobot Seaspray
13%
Insecticon Shrapnel
13%
Sextuple Changer/Headmaster/Decepticon Sixshot
13%
Dinobot Skar
13%
Aerialbot Skydive
13%
Aerialbot Slingshot
13%
Mini-Cassette Slugfest
13%
Mercinary Soundblaster
13%
Vehicon Steve
13%
Protectobot Streetwise
13%
Autobot Swerve
13%
Autobot Tailgate
13%
Decepticon Tarn
13%
Titan/Decepticon The Nemesis
13%
Autobot Topspin
13%
Insecticon Venom
13%
Combiner Victorion
13%
Combiner Volcanicus
13%
Autobot Whirl
13%
Autobot Windcharger
13%
Combiner Abominus
6%
Technobot Afterburner
6%
Insecticon Airachnid
6%
Aerialbot Alpha Bravo
6%
Horrorcon/Headmaster/Triple changer Apeface
6%
Autobot Beachcomber
6%
Maximal Big Convoy
6%
Titan/Decepticon/Headmaster Black Zarak
6%
Mercinary Bug Bite
6%
BW Maximal BW Ironhide
6%
BW Predacon BW Megatron
6%
BW Maximal BW Prowl
6%
BW Maximal BW Silverbolt
6%
Headmaster/Autobot Cerebros
6%
Alchemor Prisoner Clampdown
6%
Autobot Cog
6%
Decepticon Counterpunch
6%
Targetmaster Crosshairs
6%
BH Predacon Darksteel
6%
Decepticon Deathsaurus
6%
Decepticon Demolisher
6%
Bounty Hunter Devcon
6%
Mercenary/Triple Changer Double Dealer
6%
Decepticon Dreadwing
6%
Destron Drillhorn
6%
Destron Fellbat
6%
Autobot Fixit
6%
Combiner Galvatronus
6%
Autobot Grapple
6%
Protectobot Groove
6%
Destron Guyhawk
6%
Insecticon Hardshell
6%
Autobot Heatwave
6%
Constructicon Hightower
6%
Autobot Hot Shot
6%
Terrorcon Hun-Gurrr
6%
Autobot Impactor
6%
Destron Ironbison
6%
Combiner/Junkion Junkasaurus
6%
Decepticon Executioner Kaon
6%
Maximal/Prime Leo Prime
6%
Destron Leozack
6%
Decepticon Lugnut
6%
Combiner/Maximal Magnaboss
6%
Decepticon Makeshift
6%
Autobot Metalhawk
6%
Headmaster/Decepticon Mindwipe
6%
Targetmaster Misfire
6%
Autobot Moonracer
6%
Decepticon Nemesis Prime
6%
Triple Changer/Decepticon Octane
6%
Maximal Optimal Optimus
6%
Combiner Optimus Maximus
6%
Autobot Pipes
6%
Clonecon Pounce
6%
Mini-Cassette Ramhorn
6%
Tripredacus Councel Ram Horn
6%
Predacon Razorclaw
6%
Cameracon Reflector
6%
Throttlebot Rollbar
6%
Autobot Rotorstorm
6%
Battle Charger Runabout
6%
Triple changer/Autobot Sandstorm
6%
Technobot Scattershot
6%
Citybot Component Sixgun
6%
Headmaster/Decepticon Skullcruncher
6%
Autobot Skyfire
6%
Combiner Sky Reign
6%
Horrorcon/Headmaster Snapdragon
6%
Dinobot Spike
6%
Decepticon Spinister
6%
Autobot Starsaber
6%
Dinobot | Technobot Strafe
6%
Autobot Strongarm
6%
Targetmaster Sureshot
6%
Herald of Unicron Sweeps
6%
Autobot Tailbreaker
6%
BW Predacon Tarantulas
6%
Maximal Tasmania Kid
6%
BW Predacon Terrorsaur
6%
Maximal Tigerhawk
6%
Targetmaster Triggerhappy
6%
Combiner Tripredacus
6%
Autobot Twin Twist
6%
Autobot Warpath
6%
BW Predacon/Insecticon Waspinator
6%
Headmaster/Decepticon Weirdwolf
6%
Stunticon Wildrider
6%
Clonecon Wingspan
6%
Alchemor Prisoner Zizza
6%
BW Predacon Antagony
0%
Autobot Ariel
0%
Junkion Ashtray
0%
Junkion Axlegrease
0%
Mini-Cassette Beastbox
0%
Autobot Beta
0%
Alchemor Prisoner Bisk
0%
Brainbot Blacker
0%
Terrorcon Blot
0%
Decepticon Bludgeon
0%
Decepticon Bomb-Burst
0%
Insecticon Bombshock
0%
Autobot Boulder
0%
Stunticon Brake-Neck
0%
Brainbot Braver
0%
Quintesson Brinn
0%
Citybot Component Brunt
0%
Autobot Brushfire
0%
Insecticon Buzzclaw
0%
Alchemor Prisoner Buzzstrike
0%
Throttlebot Chase
0%
Tripredacus Councel Cicadacon
0%
Dinobot Clanky
0%
Alchemor Prisoner Clawtrap
0%
Clonebot Cloudraker
0%
BW Seacon Coelagon
0%
Junkion Crashbar
0%
Terrorcon Cutthroat
0%
Quintesson Deliberata
0%
Decepticon Deluge
0%
Maximal Depth Charge
0%
Junkion Detritus
0%
BW Predacon Dinobot II
0%
Decepticon Dirtbag
0%
Rust Renegade Dust Up
0%
Constructicon Erector
0%
Decepticon Exhaust
0%
Clonebot Fastlane
0%
Autobot Firestar
0%
Decepticon Flamewar
0%
Decepticon Flatline
0%
Mini-Cassette Flip Sides
0%
Decepticon Fracture
0%
Throttlebot Freeway
0%
Decepticon Fulcrum
0%
Citybot Component Full-Tilt
0%
Mini-Cassette Garboil
0%
Trainbot Getsuei
0%
Quintesson Ghyrik
0%
Mini-Cassette Glit
0%
Alchemor Prisoner Glowstrike
0%
Combiner God Neptune
0%
Mini-Cassette Grand slam
0%
Constructicon Gravedigger
0%
Junkion Greasestain
0%
Autobot Greenlight
0%
Dinobot Grimmaster
0%
BW Seacon Halfshell
0%
Headmaster/Autobot Hardhead
0%
Constructicon Hauler
0%
Junkion HAZMAT
0%
Alchemor Prisoner Headlock
0%
Predacon Headstrong
0%
Quintesson Heirodyus
0%
Decepticon Executioner Helex
0%
Autobot High Tide
0%
Mini-Cassette Howlback
0%
Insecticon Infernox
0%
Quintesson Inquirata
0%
Quintesson In-Saba Nur
0%
Junkion Jalopy
0%
Autobot Jetstorm
0%
Quintesson Jolup
0%
Rust Renegade Jumpstream
0%
Junkion Junkheap
0%
Junkion Junkyard
0%
Trainbot Kaen
0%
Quintesson Kledji
0%
Autobot Lancer
0%
Brainbot Laster
0%
Autobot Lifeline
0%
Technobot Lightspeed
0%
Autobot Medix
0%
Autobot Minerva
0%
Junkion Nancy
0%
Insecticon Needler
0%
Mini-Cassette Nightstalker
0%
Technobot Nosecone
0%
Vehicon Obsidian
0%
Decepticon Octopunch
0%
Stunticon Offroad
0%
Prime Omega Prime
0%
Maximal Optimus Minor
0%
Autobot Outback
0%
Mini-Cassette Overkill
0%
Targetmaster Pointblank
0%
Alchemor Prisoner Polar Claw
0%
BW Predacon Predacon Inferno
0%
Targetmaster Quake
0%
Autobot Quickshadow
0%
Alchemor Prisoner Quillfire
0%
Mini-Cassette Raindance
0%
Insecticon Ransack
0%
Autobot Rapid Run
0%
Insecticon Razorhorn
0%
Alchemor Prisoner Razorpaw
0%
Junkion Re-Cycle
0%
Dinobot Reptaurica
0%
Quintesson Rexian
0%
Terrorcon Rippersnapper
0%
Combiner Road Caesar
0%
Decepticon Rodimus Unicronus
0%
Junkion Rubbish
0%
Combiner Ruination
0%
Rust Renegade Rust Dust
0%
Alchemor Prisoner Sabrehorn
0%
Autobot Salvage
0%
Citybot Component Scamper
0%
Constructicon Scoop
0%
Titan/Decepticon/Headmaster Scorpinok
0%
Junkion Scrapheap
0%
Junkion Scraphook
0%
Junkion Scrap Iron
0%
BW Seacon Scylla
0%
Tripredacus Councel Sea Clamp
0%
BW Seacon Sea Phantom
0%
Throttlebot Searchlight
0%
Trainbot Seizan
0%
Relic Guardian Sentius Magnus
0%
Relic Guardian Sentius Malus
0%
Quintesson Sevax
0%
Insecticon Sharpshot
0%
Trainbot Shouki
0%
Terrorcon Sinnertwin
0%
Autobot Six Speed
0%
Alchemor Prisoner Skunkticon
0%
Rust Renegade Skyburst
0%
Mini-Cassette/Combiner Slamdance
0%
Citybot Component Slammer
0%
Targetmaster Slugslinger
0%
Dinobot Snapbeak
0%
Dinobot Sneer
0%
Dinobot Snipe
0%
Dinobot Snub
0%
Cameracon Spectro
0%
Insecticon Springbolt
0%
Alchemor Prisoner Springload
0%
Cameracon Spyglass
0%
Mini-Cassette Squawktalk
0%
Rust Renegade Stormclash
0%
Decepticon Straxus
0%
Vehicon Strika
0%
Mini-Cassette Stripes
0%
Trainbot Suiken
0%
Mini-Cassette Sundor
0%
Alchemor Prisoner Terrashock
0%
BW Seacon Terrormander
0%
Decepticon Executioner Tesarus
0%
Alchemor Prisoner Thunderhoof
0%
Seeker Thunderwing
0%
Maximal Torca
0%
Autobot Tracks
0%
Junkion Trashbin
0%
Junkion Trashmaster
0%
Dinobot Triceradon
0%
Quintesson Tyrannicon
0%
Alchemor Prisoner Underbite
0%
Autobot Undertone
0%
Alchemor Prisoner Vertebreak
0%
Decepticon Viper
0%
Junkion Wastoid Gamma
0%
Autobot Wedge
0%
Throttlebot Wideload
0%
Autobot Wing Saber
0%
Mini-Cassette Wingthing
0%
Citybot Component Wipe-Out
0%
Quintesson Xeros
0%
Trainbot Yukikaze
0%
No matching quizzes found
Score Distribution
Percent of People with Each Score
Percentile by Number Answered
Your Score History
You have not taken this quiz